Spolehlivost armatur jaderných energetických zařízení

Bibliographic Details
Main Author: Raček, Jiří (Author)
Format: Article
Language:Czech
PhysicalDescription:Obr. 2, lit. 4 zázn. v angl., češ., ruš., slov.
ISBN:8022802441
Subjects:

MARC

LEADER 00000nab a2200000 a 4500
001 vtls000517996
003 SK-MaSNL
005 20260303171657.0
008 160201c1993 xo 0 cze
015 |a SNBRA19rr/mm-uuuuu 
035 |a CL0518134 
040 |a SNKBUCL  |b slo  |c SNKBUCL  |e AACR2 
041 0 |a cze 
044 |a xo  |c SK 
080 |a 621.039.5:621.646-192  |2 1981 
080 |a 621.646-192  |2 1981 
100 1 |a Raček, Jiří  |4 aut  |9 807258 
245 1 0 |a Spolehlivost armatur jaderných energetických zařízení  |c Jiří Raček 
300 |b Obr. 2, lit. 4 zázn. v angl., češ., ruš., slov. 
650 0 7 |a energetické zariadenia  |2 snkbucl  |9 69243 
650 0 7 |a armatúry potrubné  |2 snkbucl  |9 1196331 
650 0 7 |a spoľahlivosť technická  |2 snkbucl  |9 984239 
655 7 |a články zo zborníkov  |2 snkbucl  |9 166140 
773 0 |t Zborník referátov 34. konferencie katedier častí a mechanizmov strojov v ČR a SR  |d Zvolen : Technická univerzita, 1993  |g S. 341-344  |z 8022802441 
850 |a Slovenská národná knižnica v Martine  |a MTA001 
852 |a SNK  |b KIS3GCP 
958 |a RK 
958 |a CZ 
992 |a RZB 
999 |c 2082821  |d 2084751